=LDR 00000nam 2200000 4500 =001 INLIS000000000042066 =005 20130612151550 =008 ***********************************ind** =035 ##$$0010-061300000042066 =041 ##$$a ind =082 ##$$a 346. 048 2 =090 ##$$a 346. 048 2, Ind k =100 ##$$a Indonesia. (Undang-undang, Peraturan dst) =245 ##$$a Kitab undang - undang haki (Hak kekayaan intelektual) =260 ##$$a 2011 $b Bandung =300 ##$$a Vi,45 hlm., 22 cm =650 ##$$a HAK CIPTA - UNDANG - UNDANG DAN PERATURAN =850 ##$$a NBPNMAT